[Event "Hessen-ch Seniors op 09th"]
[Site "Bad Sooden-Allendorf"]
[Date "2013.04.26"]
[Round "7"]
[White "Holscher, Peter AC"]
[Black "Noble, Alexander"]
[Result "1-0"]
[WhiteElo "2067"]
[BlackElo "2070"]
[PlyCount "57"]
[EventDate "2013.04.20"]
[EventType "swiss"]
[EventRounds "9"]
[EventCountry "GER"]
[SourceTitle "EXT 2019"]
[Source "ChessBase"]
[SourceDate "2018.10.10"]
[SourceVersion "1"]
[SourceVersionDate "2018.10.10"]
[SourceQuality "1"]

1. Nf3 f5 2. g3 Nf6 3. Bg2 e6 4. c4 Be7 5. Nc3 0-0 6. d4 d5 7. 0-0 c6 8. b3 Bd7 9. Bb2 Be8 10. Qc2 Bg6 11. Ne5 Qe8 12. Rad1 Nbd7 13. Nxg6 Qxg6 14. e3 Qh6 15. cxd5 cxd5 16. Qd3 a6 17. Ne2 g5 18. Rc1 Bd6 19. f3 g4 20. Nf4 gxf3 21. Bxf3 Ne4 22. Rc2 Rae8 23. Qd1 Qf6 24. Bxe4 fxe4 25. Rcf2 Qg5 26. Qe1 Qh6 27. Qa5 Qg7 28. Ba3 Qe7 29. Nxd5 1-0

[Event "Hessen-ch Seniors op 09th"]
[Site "Bad Sooden-Allendorf"]
[Date "2013.04.22"]
[Round "3"]
[White "Liebert, Heinz"]
[Black "Noble, Alexander"]
[Result "1-0"]
[WhiteElo "2224"]
[BlackElo "2070"]
[PlyCount "62"]
[EventDate "2013.04.20"]
[EventType "swiss"]
[EventRounds "9"]
[EventCountry "GER"]
[SourceTitle "EXT 2019"]
[Source "ChessBase"]
[SourceDate "2018.10.10"]
[SourceVersion "1"]
[SourceVersionDate "2018.10.10"]
[SourceQuality "1"]

1. c4 f5 2. Nf3 Nf6 3. g3 e6 4. Bg2 Be7 5. d4 d5 6. 0-0 0-0 7. Nc3 c6 8. b3 Bd7 9. Qc2 Be8 10. Bb2 Bg6 11. Ne5 Qe8 12. e3 Nbd7 13. Nxg6 Qxg6 14. Ne2 Qh6 15. Nf4 Ne4 16. f3 Nd6 17. Rae1 Rae8 18. Nd3 Nf7 19. f4 Nd6 20. Ba3 Nf6 21. Ne5 Nde4 22. Bxe7 Rxe7 23. b4 Rc8 24. a4 Nd6 25. Qa2 Qh5 26. b5 Nd7 27. Qa3 c5 28. cxd5 Nxe5 29. dxe5 Ne4 30. d6 Rd7 31. Bxe4 fxe4 1-0

[Event "Hessen-ch Seniors op 09th"]
[Site "Bad Sooden-Allendorf"]
[Date "2013.04.20"]
[Round "1"]
[White "Krueger, Bernhard"]
[Black "Noble, Alexander"]
[Result "0-1"]
[WhiteElo "1769"]
[BlackElo "2070"]
[PlyCount "99"]
[EventDate "2013.04.20"]
[EventType "swiss"]
[EventRounds "9"]
[EventCountry "GER"]
[SourceTitle "EXT 2019"]
[Source "ChessBase"]
[SourceDate "2018.10.10"]
[SourceVersion "1"]
[SourceVersionDate "2018.10.10"]
[SourceQuality "1"]

1. d4 e6 2. Nf3 f5 3. c4 Nf6 4. Bg5 Be7 5. Nc3 b6 6. e3 Bb7 7. Be2 0-0 8. 0-0 d6 9. Qb3 h6 10. Bxf6 Rxf6 11. d5 e5 12. c5 Ba6 13. c6 Bxe2 14. Nxe2 a5 15. Nxe5 dxe5 16. d6+ Kh8 17. dxe7 Qxe7 18. Nc3 Qe8 19. Rac1 Na6 20. Rfd1 Rxc6 21. Qb5 Re6 22. Qd7 Rc8 23. Qd3 Nc5 24. Qxf5 Rf6 25. Qh3 Rd8 26. e4 Rfd6 27. Qf3 Nd3 28. Rb1 Nf4 29. Nd5 Qd7 30. Ne3 g6 31. Rxd6 Qxd6 32. Rd1 Qe7 33. Rxd8+ Qxd8 34. Nd5 Nxd5 35. exd5 Kg7 36. Qe4 Qg5 37. Qc2 Qe7 38. Qc3 Kf7 39. Qf3+ Qf6 40. Qh3 Qf5 41. g4 Qb1+ 42. Kg2 Qxa2 43. Qf3+ Kg7 44. h3 Qxb2 45. h4 Qd4 46. g5 hxg5 47. hxg5 Qf4 48. Qxf4 exf4 49. Kf3 b5 50. Ke2 0-1

[Event "Bad Zwesten op 16th"]
[Site "Bad Zwesten"]
[Date "2013.01.05"]
[Round "6"]
[White "Struening, Timo"]
[Black "Noble, Alexander"]
[Result "0-1"]
[WhiteElo "1899"]
[BlackElo "2077"]
[PlyCount "106"]
[EventDate "2013.01.02"]
[EventType "swiss"]
[EventRounds "7"]
[EventCountry "GER"]
[SourceTitle "EXT 2014"]
[Source "ChessBase"]
[SourceDate "2013.11.20"]
[SourceVersion "1"]
[SourceVersionDate "2013.11.20"]
[SourceQuality "1"]

1. g4 d5 2. Bg2 Bxg4 3. c4 c6 4. cxd5 Nf6 5. Qb3 Qc7 6. Nc3 Bd7 7. d4 e6 8. e4 exd5 9. exd5 cxd5 10. Nxd5 Nxd5 11. Bxd5 Bc6 12. Bd2 Bd6 13. Rc1 0-0 14. Ne2 Re8 15. Kf1 Qd7 16. Rc3 Bb4 17. Bxc6 Nxc6 18. Rd3 Bxd2 19. Rxd2 Rad8 20. Rg1 g6 21. Rg3 Rxe2 22. Rxe2 Nxd4 23. Rd3 Nxb3 24. Rxd7 Rxd7 25. axb3 Kf8 26. Rc2 Ke7 27. Ke2 Kd6 28. Ke3 f6 29. Rc8 Ke6 30. f3 h5 31. h4 Rd5 32. b4 Kf5 33. Rc4 g5 34. b3 Rb5 35. Kf2 b6 36. Kg3 Rd5 37. Rc3 Rd4 38. hxg5 fxg5 39. Rc7 h4+ 40. Kg2 Rxb4 41. Rf7+ Kg6 42. Rxa7 Rxb3 43. Rb7 Kf6 44. Rb8 Ke5 45. Re8+ Kd6 46. Rd8+ Kc6 47. Rc8+ Kb7 48. Rg8 Rb5 49. Kh3 Rd5 50. Rf8 Kc6 51. Kg4 Kc5 52. f4 gxf4 53. Rxf4 Rd4 0-1

[Event "Bad Zwesten op 16th"]
[Site "Bad Zwesten"]
[Date "2013.01.04"]
[Round "4"]
[White "Sukaylo, Aleksey"]
[Black "Noble, Alexander"]
[Result "1-0"]
[WhiteElo "2010"]
[BlackElo "2077"]
[PlyCount "49"]
[EventDate "2013.01.02"]
[EventType "swiss"]
[EventRounds "7"]
[EventCountry "GER"]
[SourceTitle "CBM 152 Extra"]
[Source "ChessBase"]
[SourceDate "2013.02.25"]
[SourceVersion "1"]
[SourceVersionDate "2013.02.25"]
[SourceQuality "1"]

1. e4 d5 2. exd5 Qxd5 3. Nc3 Qa5 4. d4 Nf6 5. Bc4 c6 6. Bd2 Qb6 7. Nf3 Bf5 8. Qe2 e6 9. 0-0-0 Bd6 10. Nh4 Bg4 11. f3 Bh5 12. g4 Bg6 13. Nxg6 hxg6 14. Bxe6 0-0 15. Bb3 Qxd4 16. Be3 Qe5 17. f4 Qe7 18. Qf3 Na6 19. h4 Nxg4 20. Bd4 Nh6 21. h5 Kh7 22. Ne4 f6 23. hxg6+ Kxg6 24. Nxd6 Qxd6 25. Qe4+ 1-0

[Event "Hessen-ch Seniors op 08th"]
[Site "Bad Sooden-Allendorf"]
[Date "2012.04.16"]
[Round "3"]
[White "Noble, Alexander"]
[Black "Knaak, Hans"]
[Result "1-0"]
[WhiteElo "2057"]
[BlackElo "1708"]
[PlyCount "58"]
[EventDate "2012.04.14"]
[EventType "swiss"]
[EventRounds "9"]
[EventCountry "GER"]
[SourceTitle "EXT 2019"]
[Source "ChessBase"]
[SourceDate "2018.10.10"]
[SourceVersion "1"]
[SourceVersionDate "2018.10.10"]
[SourceQuality "1"]

1. e4 c5 2. Nc3 d6 3. f4 g6 4. Bc4 Nf6 5. Nf3 Bg4 6. h3 Bxf3 7. Bb5+ Nfd7 8. Qxf3 Nc6 9. Bxc6 bxc6 10. 0-0 Bg7 11. d3 0-0 12. Bd2 Nb6 13. b3 Qc7 14. Rae1 e6 15. f5 d5 16. f6 Bh8 17. e5 Nd7 18. Bf4 Rab8 19. g4 Qa5 20. Na4 Nb6 21. Nxb6 axb6 22. a4 b5 23. Ra1 Qc3 24. Qf2 bxa4 25. Rxa4 Ra8 26. Qd2 Qxd2 27. Bxd2 Rxa4 28. bxa4 Rb8 29. a5 Rb2 1-0

[Event "Hessen-chA"]
[Site "Offenbach"]
[Date "2012.04.07"]
[Round "7"]
[White "Benninger, Rudolf"]
[Black "Noble, Alexander"]
[Result "0-1"]
[WhiteElo "2142"]
[BlackElo "2057"]
[PlyCount "86"]
[EventDate "2012.04.05"]
[EventType "swiss"]
[EventRounds "7"]
[EventCountry "GER"]
[SourceTitle "EXT 2013"]
[Source "ChessBase"]
[SourceDate "2012.11.22"]
[SourceVersion "1"]
[SourceVersionDate "2012.11.22"]
[SourceQuality "1"]

1. e4 e6 2. d4 d5 3. e5 c5 4. c3 Qb6 5. Nf3 Bd7 6. a3 c4 7. Nbd2 Nc6 8. b3 cxb3 9. Nxb3 Na5 10. Nxa5 Qxa5 11. Bd2 Ba4 12. Qb1 Qc7 13. Bd3 h6 14. 0-0 Ne7 15. Rc1 Qd7 16. Qb2 Nc8 17. c4 dxc4 18. Bxc4 Nb6 19. Rab1 Be7 20. Bb4 0-0 21. Bxe7 Qxe7 22. Nd2 Bc6 23. Bd3 Rfd8 24. Ne4 Bxe4 25. Bxe4 Rac8 26. g3 g6 27. Kg2 Qd7 28. a4 Rxc1 29. Rxc1 Qxd4 30. Qxd4 Rxd4 31. Bxb7 Rxa4 32. h4 Ra2 33. Kf3 Kg7 34. Rc3 a5 35. Ke3 Rb2 36. f4 Nc4+ 37. Rxc4 Rxb7 38. Ra4 Rb3+ 39. Kf2 Rb5 40. g4 g5 41. hxg5 hxg5 42. Ke3 gxf4+ 43. Kxf4 Rb4+ 0-1

[Event "Hessen-chA"]
[Site "Offenbach"]
[Date "2012.04.05"]
[Round "1"]
[White "Arold, Hans Martin"]
[Black "Noble, Alexander"]
[Result "1-0"]
[WhiteElo "2272"]
[BlackElo "2057"]
[PlyCount "29"]
[EventDate "2012.04.05"]
[EventType "swiss"]
[EventRounds "7"]
[EventCountry "GER"]
[SourceTitle "EXT 2013"]
[Source "ChessBase"]
[SourceDate "2012.11.22"]
[SourceVersion "1"]
[SourceVersionDate "2012.11.22"]
[SourceQuality "1"]

1. e4 e6 2. c4 d5 3. cxd5 exd5 4. Qb3 c6 5. Nc3 Qe7 6. d4 dxe4 7. Bc4 b5 8. Be2 a6 9. Bf4 Qb4 10. Qc2 Nf6 11. 0-0-0 Bf5 12. f3 exf3 13. Qxf5 fxe2 14. Qc8+ Ke7 15. Re1 1-0

[Event "Hessen-ch Seniors op 07th"]
[Site "Bad Sooden-Allendorf"]
[Date "2011.05.04"]
[Round "5"]
[White "Stimpel, Franz"]
[Black "Noble, Alexander"]
[Result "1/2-1/2"]
[WhiteElo "2025"]
[BlackElo "1961"]
[PlyCount "102"]
[EventDate "2011.04.30"]
[EventType "swiss"]
[EventRounds "9"]
[EventCountry "GER"]
[SourceTitle "EXT 2012"]
[Source "ChessBase"]
[SourceDate "2011.11.24"]
[SourceVersion "1"]
[SourceVersionDate "2011.11.24"]
[SourceQuality "1"]

1. d4 e6 2. c4 f5 3. g3 Nf6 4. Bg2 d5 5. Nh3 c6 6. Qc2 Be7 7. 0-0 0-0 8. Nd2 h6 9. Nf4 Qe8 10. Nd3 Nbd7 11. Nf3 g5 12. Nfe5 Kg7 13. Rb1 Nxe5 14. Nxe5 Nd7 15. b4 a6 16. a4 Nxe5 17. dxe5 b5 18. axb5 axb5 19. c5 Bd7 20. Bb2 Ra4 21. Bc3 Qa8 22. Ra1 Rb8 23. e3 Rb7 24. Qb2 Rba7 25. Rfb1 Be8 26. f4 Bh5 27. Bd4 Ra2 28. Qc1 Be2 29. Rxa2 Rxa2 30. Ra1 Kf7 31. Rxa2 Qxa2 32. Qb2 Qxb2 33. Bxb2 h5 34. Kf2 Bd3 35. Bf3 Kg6 36. Bd4 h4 37. Bd1 Bd8 38. Bf3 Be4 39. Be2 g4 40. Bd1 Bd3 41. Bb3 Bc4 42. Bc2 Kf7 43. Ke1 Ke8 44. Bc3 Kd7 45. Kf2 Kc8 46. Ke1 Kb7 47. Kf2 h3 48. Ke1 Be7 49. Kd1 Ka6 50. Kd2 Kb7 51. Ke1 Kc7 1/2-1/2

[Event "Hessen-ch Seniors op 07th"]
[Site "Bad Sooden-Allendorf"]
[Date "2011.05.03"]
[Round "4"]
[White "Noble, Alexander"]
[Black "Simon, Goetz Jochen"]
[Result "1-0"]
[WhiteElo "1961"]
[BlackElo "1615"]
[PlyCount "63"]
[EventDate "2011.04.30"]
[EventType "swiss"]
[EventRounds "9"]
[EventCountry "GER"]
[SourceTitle "EXT 2012"]
[Source "ChessBase"]
[SourceDate "2011.11.24"]
[SourceVersion "1"]
[SourceVersionDate "2011.11.24"]
[SourceQuality "1"]

1. e4 e5 2. Bc4 Nf6 3. Nf3 Nc6 4. Ng5 d5 5. exd5 Na5 6. Bb5+ c6 7. dxc6 Nxc6 8. Nc3 Bc5 9. Nce4 Bb6 10. c3 Bd7 11. Nd6+ Ke7 12. Ndxf7 Bxf2+ 13. Kxf2 Qb6+ 14. d4 Qxb5 15. Nxh8 Ng4+ 16. Kg3 Rxh8 17. h3 Nh6 18. Re1 Nf5+ 19. Kh2 h6 20. Nf3 Be6 21. Nxe5 Rd8 22. c4 Qa5 23. d5 Qc7 24. Bf4 Nxe5 25. Bxe5 Qxc4 26. Qf3 Qxd5 27. Qa3+ Ke8 28. Qxa7 Rc8 29. Rad1 Qb5 30. Qf2 Rc5 31. Bd6 Nxd6 32. Rxe6+ 1-0

[Event "Karl Mala Memorial op 13th"]
[Site "Frankfurt"]
[Date "2010.07.10"]
[Round "5"]
[White "Noble, Alexander"]
[Black "Henrich, Thomas"]
[Result "0-1"]
[WhiteElo "2045"]
[BlackElo "2230"]
[PlyCount "62"]
[EventDate "2010.07.08"]
[EventType "swiss"]
[EventRounds "7"]
[EventCountry "GER"]
[SourceTitle "EXT 2012"]
[Source "ChessBase"]
[SourceDate "2011.11.24"]
[SourceVersion "1"]
[SourceVersionDate "2011.11.24"]
[SourceQuality "1"]

1. e4 c5 2. d4 cxd4 3. c3 dxc3 4. Nxc3 e6 5. Bc4 a6 6. a4 Qc7 7. Qe2 Nc6 8. Nf3 Be7 9. 0-0 d6 10. h3 Nf6 11. Bf4 Ne5 12. Ba2 0-0 13. Nd2 Bd7 14. Rac1 Bc6 15. Rfd1 Rac8 16. Nf1 Qa5 17. Rd4 Ng6 18. Be3 Qh5 19. Qd2 Qa5 20. b4 Qd8 21. Ng3 Qd7 22. Bb3 Rfd8 23. Rd1 b5 24. a5 Qb7 25. Rd3 Bxe4 26. Ncxe4 Nxe4 27. Nxe4 Qxe4 28. Bb6 Nf4 29. Rf3 Bg5 30. Qb2 Rd7 31. Rd2 Nxh3+ 0-1

[Event "Frankfurt-ch"]
[Site "Frankfurt"]
[Date "2008.06.09"]
[Round "6"]
[White "Matthis, Peter"]
[Black "Noble, Alexander"]
[Result "0-1"]
[WhiteElo "1775"]
[BlackElo "2077"]
[PlyCount "63"]
[EventDate "2008.04.28"]
[EventType "swiss"]
[EventRounds "7"]
[EventCountry "GER"]
[SourceTitle "EXT 2009"]
[Source "ChessBase"]
[SourceDate "2008.11.26"]
[SourceVersion "1"]
[SourceVersionDate "2008.11.26"]
[SourceQuality "1"]

1. e4 e6 2. d4 d5 3. Nc3 Nf6 4. Bg5 Bb4 5. a3 Bxc3+ 6. bxc3 dxe4 7. Bc4 h6 8. Bh4 b6 9. Qd2 Bb7 10. Ne2 Nbd7 11. 0-0 g5 12. Bg3 Nd5 13. f3 exf3 14. Rxf3 N5f6 15. Rff1 Ne4 16. Qd3 Nxg3 17. Nxg3 Qe7 18. Ne4 0-0-0 19. Ba6 Kb8 20. Bxb7 Kxb7 21. Qf3 Kb8 22. Qxf7 Rh7 23. Qg6 Nf8 24. Qh5 Nd7 25. c4 e5 26. Rae1 exd4 27. Qg6 Ne5 28. Qh5 Nxc4 29. Qf3 Ne5 30. Qg3 Rf7 31. Rxf7 Nxf7 32. Nf2 0-1

[Event "Frankfurt-ch"]
[Site "Frankfurt"]
[Date "2008.05.26"]
[Round "4"]
[White "Ganjian, Mehrdad"]
[Black "Noble, Alexander"]
[Result "1-0"]
[WhiteElo "1803"]
[BlackElo "2077"]
[PlyCount "119"]
[EventDate "2008.04.28"]
[EventType "swiss"]
[EventRounds "7"]
[EventCountry "GER"]
[SourceTitle "EXT 2009"]
[Source "ChessBase"]
[SourceDate "2008.11.26"]
[SourceVersion "1"]
[SourceVersionDate "2008.11.26"]
[SourceQuality "1"]

1. e4 e6 2. d4 d5 3. exd5 Qxd5 4. c4 Qe4+ 5. Be3 Nf6 6. Nf3 Ng4 7. Qd3 Bb4+ 8. Nc3 Qxd3 9. Bxd3 Nxe3 10. fxe3 Bd7 11. 0-0 0-0 12. Ne4 Bc6 13. c5 Bxe4 14. Bxe4 c6 15. a3 Ba5 16. b4 Bc7 17. b5 f5 18. Bd3 cxb5 19. Bxb5 Nc6 20. Bc4 Rae8 21. Ng5 Nd8 22. a4 h6 23. Nf3 Nc6 24. Rab1 Na5 25. Ba2 a6 26. Nd2 Kh7 27. Nc4 Re7 28. Rb2 Rd8 29. Rfb1 Nxc4 30. Bxc4 Rdd7 31. Kf2 Ba5 32. Kf3 g5 33. Bd3 Kg6 34. Bc4 g4+ 35. Kf2 Rc7 36. Bd3 Red7 37. Bc4 Kf6 38. Rb3 e5 39. Rd1 exd4 40. Rxd4 Re7 41. Rd6+ Kg5 42. Rd5 Rc6 43. Bd3 Rf6 44. e4 Bc7 45. Rxf5+ Rxf5+ 46. exf5 h5 47. g3 Ba5 48. Bb1 Be1+ 49. Kf1 Ba5 50. Rb2 Rc7 51. Be4 Rxc5 52. Rxb7 Re5 53. Rg7+ Kf6 54. Rg6+ Kf7 55. Bd3 Re1+ 56. Kf2 Ra1 57. Bc4+ Kf8 58. f6 Ke8 59. f7+ Ke7 60. Re6+ 1-0

[Event "Rhein Main op 11th"]
[Site "Bad Homburg"]
[Date "2008.05.24"]
[Round "5"]
[White "Noble, Alexander"]
[Black "Krzesinski, Paul"]
[Result "1-0"]
[WhiteElo "2077"]
[BlackElo "1781"]
[PlyCount "55"]
[EventDate "2008.05.21"]
[EventType "swiss"]
[EventRounds "7"]
[EventCountry "GER"]
[SourceTitle "CBM 124 Extra"]
[Source "ChessBase"]
[SourceDate "2008.07.03"]
[SourceVersion "1"]
[SourceVersionDate "2008.07.03"]
[SourceQuality "1"]

1. e4 e5 2. f4 Bc5 3. Nf3 d6 4. c3 Nf6 5. d4 exd4 6. cxd4 Bb6 7. Nc3 0-0 8. Be2 Re8 9. 0-0 Nxe4 10. Nxe4 Rxe4 11. Bd3 Re8 12. Bxh7+ Kxh7 13. Ng5+ Kg6 14. f5+ Bxf5 15. Rxf5 Re4 16. Nxe4 Kxf5 17. Qf3+ Ke6 18. Ng5+ Kd7 19. Qxf7+ Qe7 20. Qf5+ Kc6 21. Ne6 Qf6 22. Qg4 Kd5 23. Nf4+ Kxd4 24. Kh1 Qf7 25. Bd2 Nd7 26. Bc3+ Kc5 27. Ne6+ Kc6 28. Qc4+ 1-0

[Event "Rhein Main op 11th"]
[Site "Bad Homburg"]
[Date "2008.05.22"]
[Round "3"]
[White "Goebel, Constantin"]
[Black "Noble, Alexander"]
[Result "1/2-1/2"]
[WhiteElo "1844"]
[BlackElo "2077"]
[PlyCount "156"]
[EventDate "2008.05.21"]
[EventType "swiss"]
[EventRounds "7"]
[EventCountry "GER"]
[SourceTitle "CBM 124 Extra"]
[Source "ChessBase"]
[SourceDate "2008.07.03"]
[SourceVersion "1"]
[SourceVersionDate "2008.07.03"]
[SourceQuality "1"]

1. e4 e6 2. d4 d5 3. Nc3 Nf6 4. Bg5 Bb4 5. e5 h6 6. Bd2 Bxc3 7. bxc3 Ne4 8. Bd3 Nxd2 9. Qxd2 c5 10. Nf3 Nc6 11. 0-0 Qa5 12. Rfd1 cxd4 13. cxd4 Qxd2 14. Rxd2 Bd7 15. Rb1 Na5 16. Rdd1 Rc8 17. Nd2 b6 18. Rdc1 Rc3 19. Nb3 Nc4 20. Bxc4 Rxc4 21. c3 Ke7 22. Rb2 Rhc8 23. Rbc2 Ba4 24. Kf1 b5 25. Ke2 b4 26. Kd3 Bb5 27. Kd2 a5 28. Nxa5 bxc3+ 29. Ke3 Ra4 30. Nb7 Bc4 31. Rxc3 Rxa2 32. Nd6 Rc6 33. Nxc4 dxc4 34. Rxc4 Rxc4 35. Rxc4 Kd7 36. Rc3 Ra1 37. Rc2 Re1+ 38. Kf3 Rd1 39. Rc4 Ra1 40. h4 Ra7 41. g3 Ke7 42. Kg4 Rd7 43. f4 g6 44. h5 Kf8 45. hxg6 fxg6 46. Kf3 Kf7 47. Ke4 h5 48. Kd3 Ra7 49. Rc3 Rd7 50. Ra3 Kg7 51. Kc4 Kf7 52. Ra5 Ke7 53. d5 exd5+ 54. Rxd5 Ra7 55. Rd3 Ra6 56. Kd4 Ke6 57. Ke4 Rb6 58. Rc3 Rb4+ 59. Kf3 Rb6 60. Kg2 Kf5 61. Kh3 g5 62. fxg5 Kxg5 63. Rc5 Re6 64. Ra5 Kf5 65. Kh4 Kg6 66. Rd5 Re8 67. Rd6+ Kf5 68. Kxh5 Rg8 69. Rf6+ Kxe5 70. Rg6 Ra8 71. Kg5 Rf8 72. g4 Rf1 73. Rg8 Ke6 74. Rg7 Rg1 75. Ra7 Rg2 76. Ra4 Kf7 77. Rf4+ Kg7 78. Kf5 Rg1 1/2-1/2

[Event "Frankfurt-ch"]
[Site "Frankfurt"]
[Date "2008.04.28"]
[Round "1"]
[White "Noble, Alexander"]
[Black "Ebertz, Michael"]
[Result "1-0"]
[WhiteElo "2077"]
[BlackElo "1622"]
[PlyCount "81"]
[EventDate "2008.04.28"]
[EventType "swiss"]
[EventRounds "7"]
[EventCountry "GER"]
[SourceTitle "EXT 2009"]
[Source "ChessBase"]
[SourceDate "2008.11.26"]
[SourceVersion "1"]
[SourceVersionDate "2008.11.26"]
[SourceQuality "1"]

1. e4 c5 2. d4 cxd4 3. c3 Nf6 4. e5 Nd5 5. Qxd4 e6 6. Nf3 Nc6 7. Qe4 d6 8. Nbd2 dxe5 9. Nxe5 Nxe5 10. Qxe5 Qd6 11. Bb5+ Bd7 12. Bxd7+ Qxd7 13. Ne4 f6 14. Qh5+ Qf7 15. Qe2 a6 16. 0-0 Be7 17. c4 Nb4 18. Be3 0-0 19. a3 Nc6 20. f4 e5 21. fxe5 Nxe5 22. Rac1 Rac8 23. c5 Rfd8 24. b4 Qg6 25. Bf4 Nd3 26. Rc3 Nxf4 27. Rxf4 b6 28. Rg3 Qh6 29. Qc4+ Kh8 30. Rf1 f5 31. Rxf5 Rd1+ 32. Rf1 Rxf1+ 33. Qxf1 bxc5 34. bxc5 Rf8 35. Qc4 Qh5 36. Qc2 Qe5 37. Rf3 Rxf3 38. gxf3 Qa1+ 39. Kg2 Qxa3 40. c6 Bd6 41. Nxd6 1-0

[Event "Frankfurt-ch"]
[Site "Frankfurt"]
[Date "2007.05.21"]
[Round "4"]
[White "Sadeghi, Behrang"]
[Black "Noble, Alexander"]
[Result "1-0"]
[WhiteElo "2283"]
[BlackElo "2105"]
[PlyCount "121"]
[EventDate "2007.04.30"]
[EventType "swiss"]
[EventRounds "7"]
[EventCountry "GER"]
[SourceTitle "EXT 2008"]
[Source "ChessBase"]
[SourceDate "2007.11.25"]
[SourceVersion "1"]
[SourceVersionDate "2007.11.25"]
[SourceQuality "1"]

1. e4 d5 2. exd5 Qxd5 3. Nc3 Qa5 4. Bc4 Nf6 5. d4 c6 6. Qe2 Bg4 7. f3 Bf5 8. Bd2 Qb6 9. 0-0-0 Qxd4 10. Be3 Qe5 11. Rd8+ Kxd8 12. Bb6+ axb6 13. Qxe5 Bg6 14. Nge2 Nbd7 15. Rd1 Kc8 16. Qg3 e6 17. Nf4 Be7 18. h4 Ra5 19. Qe1 Re5 20. Qh1 Nd5 21. Bxd5 exd5 22. Kb1 f6 23. g3 Bf7 24. a3 Bd6 25. Nd3 Re3 26. g4 Rhe8 27. h5 Nc5 28. Nc1 Kc7 29. Qf1 Ne6 30. Nd3 Nf4 31. Nxf4 Bxf4 32. Qf2 b5 33. Qf1 Bg3 34. Qg2 Bd6 35. Qf2 Bc5 36. Qf1 g6 37. hxg6 hxg6 38. Qh1 R8e7 39. Qf1 f5 40. Qg2 d4 41. Na2 Re1 42. Qg3+ R1e5 43. Nc1 Bd6 44. Rxd4 Rd5 45. Qf2 f4 46. Rxd5 Bxd5 47. Nd3 Re3 48. Qh4 Kb6 49. Qf6 Re6 50. Qd4+ Kc7 51. b3 Bxf3 52. Nxf4 Re1+ 53. Ka2 Bxg4 54. Nd3 Rd1 55. Qxg4 Rd2 56. Kb2 Rh2 57. Qxg6 Re2 58. b4 Re7 59. Kb3 Re3 60. Qg7+ Re7 61. Qd4 1-0

[Event "Hessen-ch qual-A+B"]
[Site "Erlensee"]
[Date "2007.04.06"]
[Round "4"]
[White "Diehm, Alexander"]
[Black "Noble, Alexander"]
[Result "1-0"]
[WhiteElo "2104"]
[BlackElo "2105"]
[PlyCount "127"]
[EventDate "2007.04.04"]
[EventType "swiss"]
[EventRounds "7"]
[EventCountry "GER"]
[SourceTitle "CBM 117 Extra"]
[Source "ChessBase"]
[SourceDate "2007.05.09"]
[SourceVersion "1"]
[SourceVersionDate "2007.05.09"]
[SourceQuality "1"]

1. d4 e6 2. c4 f5 3. f3 d5 4. Nh3 Nf6 5. Nf2 c6 6. Bg5 Nbd7 7. a3 h6 8. Bxf6 Nxf6 9. Nc3 Bd6 10. e4 dxe4 11. fxe4 e5 12. dxe5 Bxe5 13. Qxd8+ Kxd8 14. 0-0-0+ Kc7 15. Bd3 f4 16. Kc2 Rf8 17. Be2 Be6 18. b3 Rae8 19. Bf3 g5 20. h3 h5 21. Rde1 g4 22. hxg4 hxg4 23. Bd1 Bd7 24. Nd3 Bxc3 25. Kxc3 Nxe4+ 26. Rxe4 Rxe4 27. Rh7 f3 28. gxf3 gxf3 29. Rxd7+ Kc8 30. Rxb7 Re3 31. Rxa7 Kb8 32. Bxf3 Kxa7 33. Bxc6 Rf6 34. Bd5 Rb6 35. c5 Rh6 36. Kd4 Rhh3 37. Bc4 Kb7 38. b4 Reg3 39. b5 Rh4+ 40. Kc3 Rh5 41. Kb4 Rh4 42. Ne5 Re3 43. Nf7 Rxc4+ 44. Kxc4 Rxa3 45. b6 Ra1 46. Nd8+ Kc8 47. Nc6 Rc1+ 48. Kb5 Rb1+ 49. Nb4 Kb7 50. c6+ Kb8 51. Kc5 Rc1+ 52. Kd6 Rd1+ 53. Nd5 Rc1 54. Kd7 Rc2 55. Nf6 Rd2+ 56. Ke6 Re2+ 57. Kd5 Rd2+ 58. Ke5 Rc2 59. Kd6 Rd2+ 60. Nd5 Rc2 61. Kd7 Rc1 62. Ne3 Rc5 63. Nf5 Rd5+ 64. Nd6 1-0

[Event "Hessen-ch qual-A+B"]
[Site "Erlensee"]
[Date "2007.04.05"]
[Round "2"]
[White "Hahn, Werner"]
[Black "Noble, Alexander"]
[Result "1-0"]
[WhiteElo "2151"]
[BlackElo "2105"]
[PlyCount "99"]
[EventDate "2007.04.04"]
[EventType "swiss"]
[EventRounds "7"]
[EventCountry "GER"]
[SourceTitle "CBM 117 Extra"]
[Source "ChessBase"]
[SourceDate "2007.05.09"]
[SourceVersion "1"]
[SourceVersionDate "2007.05.09"]
[SourceQuality "1"]

1. d4 e6 2. c4 f5 3. g3 Nf6 4. Bg2 d5 5. Nf3 c6 6. 0-0 Be7 7. b3 Ne4 8. Qc2 0-0 9. Ba3 Nd6 10. Nbd2 a5 11. Ne5 Bd7 12. f3 Be8 13. e4 Na6 14. Nd3 dxe4 15. fxe4 fxe4 16. Nxe4 Nxe4 17. Bxe7 Qxd4+ 18. Kh1 Rxf1+ 19. Rxf1 Bg6 20. Qe2 e5 21. Ne1 Nac5 22. Bxc5 Nxc5 23. Nf3 Qg4 24. Qxe5 Bd3 25. Re1 Ne4 26. Nd4 Ng5 27. Qe3 Bg6 28. Qc3 Rd8 29. Nc2 Rd1 30. Ne3 Rxe1+ 31. Qxe1 Qd4 32. Nf1 Ne4 33. h3 Qf2 34. Qxf2 Nxf2+ 35. Kg1 Nd3 36. Nd2 Kf7 37. Bf1 Kf6 38. Bxd3 Bxd3 39. Kf2 h6 40. Ke3 Bf5 41. h4 c5 42. Ne4+ Bxe4 43. Kxe4 Ke6 44. h5 b6 45. a3 Ke7 46. Ke5 Kd7 47. Kd5 Kc7 48. Ke6 b5 49. a4 b4 50. Kd5 1-0